Medical History Of India: (Record no. 166657)

MARC details
000 -LEADER
fixed length control field 00714nam a22001937a 4500
010 ## - LCCN (DPL NO)
LC control number ENG-126115
020 ## - INTERNATIONAL STANDARD BOOK NUMBER
International Standard Book Number 978-93-86714-70-1
Terms of availability 995.00
035 ## - SYSTEM CONTROL NUMBER
System control number EN-109647
037 ## - SOURCE OF ACQUISITION
Source of stock number/acquisition DBAD/PUB
082 ## - DEWEY DECIMAL CLASSIFICATION NUMBER
Classification number 610.954
100 ## - MAIN ENTRY--PERSONAL NAME
Personal name Palit,Chittabrata
245 ## - TITLE STATEMENT
Title Medical History Of India:
Statement of responsibility, etc edited byChittabrata Palit [and]Aparajita Dhar
Remainder of title Discipline, Disease, Death/
260 ## - PUBLICATION, DISTRIBUTION, ETC. (IMPRINT)
Place of publication, distribution, etc New Delhi
Name of publisher, distributor, etc Kunal Books
Date of publication, distribution, etc 2019
270 ## - ADDRESS
Address 4648/21, 1st Floor, Ansari Road, Daryaganj,
City New Delhi
Postal code 110002
Telephone number 9811043697
Electronic mail address kunalbooks@gmail.com
300 ## - PHYSICAL DESCRIPTION
Extent ix,381p.
Other physical details 23cm(hb)
500 ## - GENERAL NOTE
General note It includes Index and bibliography.
700 ## - ADDED ENTRY--PERSONAL NAME
Personal name Chittabrata Palit [and] Aparajita Dhar
942 ## - ADDED ENTRY ELEMENTS (KOHA)
Source of classification or shelving scheme Dewey Decimal Classification
Item type English Books
Classification part 610.954
Call number suffix PAL
Holdings
Withdrawn status Lost status Not for loan Collection code Home library Current library Date acquired Source of acquisition Cost, normal purchase price Full call number Barcode Copy number Cost, replacement price Koha item type
      Non-fiction Sarojini Nagar Sarojini Nagar 01/08/2019 DBAD/PUB 995.00 610.954 PAL EN-109647 1 995.00 English Books

© Delhi Public Library
Hit Counter
free hit counter